Respuesta al caso de un proceso contencioso entre Doña Mariana de la Peña y el Convento de San Agustín de Segovia por la administración de la herencia de su hijo Fray Gaspar Maldonado

Detalles Bibliográficos
Otros Autores: Mariana de la Peña, Gaspar Maldonado
Formato: Libro
Publicado: Segovia, s.f.
Materias:
Colección:Banco de datos
Acervo:Biblioteca Palafoxiana. Colección de Manuscritos
Descripción Física:2 f. ; 21 x 30 cm.
Tema general:Civil
LEADER 00557nam a22001570004500
035 |a 1493 
245 1 0 |a Respuesta al caso de un proceso contencioso entre Doña Mariana de la Peña y el Convento de San Agustín de Segovia por la administración de la herencia de su hijo Fray Gaspar Maldonado 
260 |a Segovia, s.f. 
300 |a 2 f. ; 21 x 30 cm. 
650 1 0 |a Civil 
700 1 |a Mariana de la Peña 
700 1 |a Gaspar Maldonado 
949 |a 32280/248 
942 |c PALAMANU 
943 |g Biblioteca Palafoxiana. Colección de Manuscritos 
999 |c 1069438  |d 1069438